000
00286nam a2200109 4500
008
160625b xxu||||| |||| 00| 0 eng d
100
_9
1187
_a
Russell, D.H., et al
245
_a
Trails to Treasure
260
_a
Boston
_b
Ginn & Com
_c
1966
300
_a
Trails to Treasure
942
_2
ddc
_c
BK
999
_c
967
_d
967